KOHA-Header-6

Recording And Producing Audio For Media (Record no. 1058)

000 -LEADER
fixed length control field 00316nam a2200121Ia 4500
008 - FIXED-LENGTH DATA ELEMENTS--GENERAL INFORMATION
fixed length control field 190722s9999 xx 000 0 und d
020 ## - INTERNATIONAL STANDARD BOOK NUMBER
International Standard Book Number 978-1-4354-6065-2
100 ## - MAIN ENTRY--PERSONAL NAME
Personal name Stanley R. Alten
245 #0 - TITLE STATEMENT
Title Recording And Producing Audio For Media
260 ## - PUBLICATION, DISTRIBUTION, ETC. (IMPRINT)
Place of publication, distribution, etc Boston
Name of publisher, distributor, etc Cengage Learning
Date of publication, distribution, etc 2012
300 ## - PHYSICAL DESCRIPTION
Extent 736
942 ## - ADDED ENTRY ELEMENTS (KOHA)
Koha item type Books
Holdings
Withdrawn status Lost status Damaged status Not for loan Collection code Permanent Location Current Location Shelving location Date acquired Full call number Barcode Date last seen Price effective from Koha item type
        Electrical Engineering MAJU MAJU Shelf No.A34 2019-07-22 621.38 7683 2019-07-22 2019-07-22 Electrical Engineering

Powered by Koha